000 01091nam a22003377a 4500
003 URS
005 20230817125824.0
008 181214t20152015ph b 001 0aeng
010 _a 2015321117
020 _a9789719518938 (hard)
020 _a9789719518921 (paperback)
040 _aDLC
_beng
_cDLC
_erda
_dDLC
042 _alcode
_apcc
043 _aa-ph---
050 0 0 _aDS 686.616.A46
_bAl68 2015
100 1 _aAlmonte, Jose T.
_eauthor.
245 1 0 _aEndless journey :
_ba memoir /
_cJose T. Almonte as told to Marites Dañguilan Vitug.
264 1 _aQuezon City, Philippines :
_bCleverheads Publishing,
_c[2015]
264 4 _c©2015
300 _avi, 395 pages ;
_c24 cm
336 _atext
_2rdacontent
337 _aunmediated
_2rdamedia
338 _avolume
_2rdacarrier
504 _aIncludes bibliographical references (pages 341-363) and index.
546 _aIn English.
600 1 0 _aAlmonte, Jose T.
610 1 0 _aPhilippines.
_bArmy
_93312
650 0 _aGenerals
_zPhilippines
_vBiography
700 1 _aVitug, Marites Dañguilan
_4Almonte, Jose T
942 _2lcc
_cF
999 _c72354
_d72353